[Event "Parana-ch"]
[Site "Maringa"]
[Date "2019.12.12"]
[Round "1"]
[White "Kamakawa, Daniel Yudi"]
[Black "Lukachewski Junior, Wanderlei"]
[Result "0-1"]
[WhiteElo "1800"]
[BlackElo "2035"]
[PlyCount "52"]
[EventDate "2019.12.12"]
[EventType "swiss"]
[EventRounds "7"]
[EventCountry "BRA"]
[SourceTitle "CBM 193 Extra"]
[Source "ChessBase"]
[SourceDate "2020.01.31"]
[SourceVersion "1"]
[SourceVersionDate "2020.01.31"]
[SourceQuality "1"]

1. e4 c5 2. Nf3 d6 3. Nc3 Nf6 4. Bc4 Bg4 5. h3 Bh5 6. 0-0 e6 7. Be2 Be7 8. d3 Nc6 9. Be3 Bg6 10. d4 Nxe4 11. Nxe4 Bxe4 12. dxc5 dxc5 13. Qxd8+ Rxd8 14. c3 0-0 15. Ng5 Bd3 16. Bxd3 Rxd3 17. Rad1 Rxe3 18. Nxh7 Re2 19. Nxf8 Kxf8 20. Rb1 c4 21. a3 Bc5 22. b4 cxb3 23. Rxb3 b6 24. Rfb1 Ne5 25. Rd1 Ke7 26. c4 Nxc4 0-1

[Event "Parana-ch"]
[Site "Maringa"]
[Date "2019.12.12"]
[Round "2"]
[White "Loss, Victor Pinheiro Cos"]
[Black "Kamakawa, Daniel Yudi"]
[Result "1-0"]
[WhiteElo "1468"]
[BlackElo "1800"]
[PlyCount "49"]
[EventDate "2019.12.12"]
[EventType "swiss"]
[EventRounds "7"]
[EventCountry "BRA"]
[SourceTitle "CBM 193 Extra"]
[Source "ChessBase"]
[SourceDate "2020.01.31"]
[SourceVersion "1"]
[SourceVersionDate "2020.01.31"]
[SourceQuality "1"]

1. e4 e6 2. d4 d6 3. Bd3 Nf6 4. Nf3 g6 5. Bg5 Bg7 6. e5 Nbd7 7. exf6 Nxf6 8. Nc3 0-0 9. Ne4 e5 10. dxe5 dxe5 11. Bxf6 Bxf6 12. Nxf6+ Qxf6 13. c3 Qe7 14. Be2 b6 15. Qb3 a5 16. Qd5 c6 17. Qxe5 Re8 18. Qxe7 Rxe7 19. Nd4 Bd7 20. Kd2 Rae8 21. Rhe1 Rd8 22. Bd3 Rxe1 23. Kxe1 Bg4 24. Be2 Bc8 25. Nxc6 1-0